| 000 | 01543 a2200277 4500 | ||
|---|---|---|---|
| 003 | Nust | ||
| 005 | 20230830112347.0 | ||
| 010 | _a 2005273768 | ||
| 020 | _c0471208167 | ||
| 040 | _cNust | ||
| 082 | _a621.3815,BUU | ||
| 100 | 1 |
_aBuus, Jens. _997233 |
|
| 245 | 1 | 0 |
_aTunable laser diodes and related optical sources / _cJens Buus, Markus-Christian Amann, Daniel J. Blumenthal. |
| 250 | _a2nd ed. | ||
| 260 |
_aHoboken, N.J. : _bJohn Wiley & Sons, _cc2005. |
||
| 300 |
_axiv, 390 p. : _bill. ; _c25 cm. |
||
| 505 | _aIntroduction (Page-1), Fundamental laser diode characteristics (Page-7), Single-mode laser diodes (Page-43), Basic concepts of tunable laser diodes (Page-79),Wavelength-tunable single-mode laser diodes (Page-107), Linewidth broadening (Page-151), Widely tunable monolithic laser diodes (Page-169),Practical issues related to monolithic tunable laser diodes (Page-221), Related DWDM sources (Page-247), Communications applications and requirements (Page-285), Other applications (Page-325). | ||
| 650 | 0 | _aTelecommunication Engineering. | |
| 700 | 1 |
_aAmann, Markus-Christian. _997234 |
|
| 700 | 1 |
_aAmann, Markus-Christian. _997234 |
|
| 700 | 1 |
_aBlumenthal, Daniel J. _997235 |
|
| 856 | 4 | 2 |
_3Contributor biographical information _uhttp://www.loc.gov/catdir/enhancements/fy0626/2005273768-b.html |
| 856 | 4 | 2 |
_3Publisher description _uhttp://www.loc.gov/catdir/enhancements/fy0626/2005273768-d.html |
| 856 | 4 | 2 |
_3Table of contents only _uhttp://www.loc.gov/catdir/enhancements/fy0626/2005273768-t.html |
| 942 |
_cREF _2ddc |
||
| 999 |
_c178582 _d178582 |
||